Azərbaycan Nağılları (Record no. 465)

MARC details
000 -LEADER
fixed length control field 02395nam a2200385 4500
003 - CONTROL NUMBER IDENTIFIER
control field OSt
005 - DATE AND TIME OF LATEST TRANSACTION
control field 20260513152330.0
008 - FIXED-LENGTH DATA ELEMENTS--GENERAL INFORMATION
fixed length control field 260513b |||||||| |||| 00| 0 aze d
020 ## - INTERNATIONAL STANDARD BOOK NUMBER
International Standard Book Number 9952418725
040 ## - CATALOGING SOURCE
Original cataloging agency AZ-XaKU
Language of cataloging aze
Transcribing agency AZ-XaKU
041 0# - LANGUAGE CODE
Language code of text/sound track or separate title aze
050 14 - LIBRARY OF CONGRESS CALL NUMBER
Classification number PL314 .2611 .T1433 2005
100 1# - MAIN ENTRY--PERSONAL NAME
Personal name Abdulla , Bəhlul ,
Relator term redaktor .
245 1# - TITLE STATEMENT
Title Azərbaycan Nağılları
Remainder of title : 5 cilddə
Statement of responsibility, etc. / Tərtib edən Əhliman Axundov ; redaktor Bəhlul Abdulla ; buraxılışa məsul Əziz Güləliyev ; texniki redaktor Rövşən Ağayev ; tərtibatçı - rəssam Nərgiz Əliyeva ; kompyuter səhifələyicisi Aslan Almasov ; korrektor Elmira Teymurova .
250 ## - EDITION STATEMENT
Edition statement 3 cild
264 ## - PRODUCTION, PUBLICATION, DISTRIBUTION, MANUFACTURE, AND COPYRIGHT NOTICE
Place of production, publication, distribution, manufacture Bakı :
Name of producer, publisher, distributor, manufacturer " Şərq - Qərb " nəşriyyatı
Date of production, publication, distribution, manufacture, or copyright notice 2005 .
300 ## - PHYSICAL DESCRIPTION
Extent 296 səhifə ;
Dimensions 22 sm .
336 ## - CONTENT TYPE
Content type term text
Content type code txt
Source rdacontent
337 ## - MEDIA TYPE
Media type term unmediated
Media type code n
Source rdamedia
338 ## - CARRIER TYPE
Carrier type term volume
Carrier type code nc
Source rdacarrier
490 1# - SERIES STATEMENT
Series statement Azərbaycan Xalq Ədəbiyyatı .
504 ## - BIBLIOGRAPHY, ETC. NOTE
Bibliography, etc. note Nağıllar haqqında məlumat : s. 292 - 293 .
505 0# - Formatted Contents Note
Formatted contents note Nuşapəri xanımın nağılı -- Hatəmin nağılı -- Daş üzük -- Hambal Əhməd -- Qırx Qönçə xanım -- Məlik çoban -- Şəminin nağılı -- Beçə dərviş nağılı -- Üçbığ Kosa -- Məlik Ducar -- Xacə Fəttah -- Məlik Məhəmməd və Məlik Əhməd -- Şah oğlu Bəhrəmin nağılı -- Ölü Əhməd -- Əcəm oğlu İbrahim -- Məstan -- İtkin qız -- Şükufə xanım -- Qəhrəman -- Cəlayi - vətən -- Soltan İbrahim -- Əhməd -- Şirvan qazısı -- Nuşaranın nağılı -- Baftaçı Şah Abbas -- Qeydlər -- Nağıllar haqqında məlumat .
520 ## - SUMMARY, ETC.
Summary, etc. Azərbaycan Respublikasının Prezidenti İlham Əliyevin " Azərbaycan dilində latın qrafikası ilə kütləvi nəşrlərin həyata keçirilməsi haqqında " 12 yanvar 2004 - cü il tarixli sərəncamı ilə nəşr olunur və ölkə kitabxanalarına hədiyyə edilir .
650 #7 - SUBJECT ADDED ENTRY--TOPICAL TERM
Source of heading or term AZ-XaKU
Topical term or geographic name entry element Azərbaycan nağılları
700 1# - ADDED ENTRY--PERSONAL NAME
Personal name Axundov , Əhliman ,
Relator term tərtib edən .
700 1# - ADDED ENTRY--PERSONAL NAME
Personal name Abdulla , Bəhlul ,
Relator term redaktor .
700 1# - ADDED ENTRY--PERSONAL NAME
Personal name Güləliyev , Əziz ,
Relator term buraxılışa məsul .
700 1# - ADDED ENTRY--PERSONAL NAME
Personal name Ağayev , Rövşən ,
Relator term texniki redaktor .
700 1# - ADDED ENTRY--PERSONAL NAME
Personal name Əliyeva , Nərgiz .
Relator term tərtibatçı - rəssam .
700 1# - ADDED ENTRY--PERSONAL NAME
Personal name Almasov , Aslan ,
Relator term kompyuter səhifələyicisi .
700 1# - ADDED ENTRY--PERSONAL NAME
Personal name Teymurova , Elmira ,
Relator term korrektor .
942 ## - ADDED ENTRY ELEMENTS (KOHA)
Koha item type Book
Holdings
Withdrawn status Lost status Source of classification or shelving scheme Damaged status Not for loan Collection Home library Current library Date acquired Total checkouts Full call number Barcode Date last seen Copy number Price effective from Koha item type
    Library of Congress Classification     Business & Economics Collection Karabakh University Main Library Karabakh University Business & Economics Library 05/13/2026   PL314 .2611 .T1433 2005 c.5 0000000790 05/13/2026 5 05/13/2026 Book
    Library of Congress Classification     Business & Economics Collection Karabakh University Main Library Karabakh University Business & Economics Library 05/13/2026   PL314 .2611 .T1433 2005 c.4 0000000789 05/13/2026 4 05/13/2026 Book